[Event "17th Asian-ch"]
[Site "Xingtai CHN"]
[Date "2019.06.07"]
[Round "1.2"]
[White "Bilguun, Sumiya"]
[Black "Le Quang Liem"]
[Result "1/2-1/2"]
[WhiteElo "2478"]
[BlackElo "2694"]
[EventDate "2019.06.07"]
[PlyCount "127"]

1.e4 c5 2.Nf3 Nc6 3.Nc3 g6 4.d4 cxd4 5.Nxd4 Bg7 6.Be3 Nf6 7.Bc4 Qa5 8.O-O 
O-O 9.Bb3 d6 10.h3 Bd7 11.Qd3 Rac8 12.Rfd1 Rfe8 13.Qe2 b6 14.Nf3 Ne5 15.
Nxe5 Qxe5 16.Bd4 Qg5 17.Be3 Qh5 18.Qe1 Bc6 19.f3 Nd7 20.Bd4 Bxd4+ 21.Rxd4 
Qc5 22.Qf2 b5 23.a3 a5 24.Rad1 Kg7 25.Kh1 Nf6 26.Qd2 Ba8 27.Qe2 Rb8 28.a4 
Nh5 29.Qe1 bxa4 30.Rxa4 Rb4 31.Nd5 Rxa4 32.Bxa4 Rb8 33.b4 axb4 34.Nxe7 Qa7
35.Nc6 Bxc6 36.Bxc6 Rc8 37.Ra1 Qd4 38.Rd1 Qf6 39.Ba4 Rc3 40.Bb3 Nf4 41.Qd2
Rc6 42.Qxb4 Nxh3 43.Qd4 Nf4 44.Qxf6+ Kxf6 45.g3 Ne6 46.Kg2 h5 47.Kf2 Ke7 
48.Ra1 Rc7 49.Ra4 Nc5 50.Ra2 Nd7 51.Bd5 Nb6 52.c4 g5 53.Ra5 g4 54.Ke3 
Nxc4+ 55.Bxc4 Rxc4 56.fxg4 hxg4 57.Rg5 f6 58.Rxg4 f5 59.Rf4 fxe4 60.Rxe4+ 
Rxe4+ 61.Kxe4 Kf6 62.Kd5 Kg5 63.g4 Kxg4 64.Kxd6 1/2-1/2

[Event "17th Asian-ch"]
[Site "Xingtai CHN"]
[Date "2019.06.07"]
[Round "1.17"]
[White "Yakubboev, Nodirbek"]
[Black "Akash, Ganesan"]
[Result "1/2-1/2"]
[WhiteElo "2587"]
[BlackElo "2404"]
[EventDate "2019.06.07"]
[PlyCount "116"]

1.Nf3 Nf6 2.c4 g6 3.b4 Bg7 4.Bb2 O-O 5.e3 d6 6.d4 e5 7.dxe5 Nfd7 8.Nc3 
Nxe5 9.Nxe5 Bxe5 10.Be2 a5 11.a3 Nc6 12.Qb3 axb4 13.axb4 Rxa1+ 14.Bxa1 Qh4
15.g3 Qh3 16.Bf1 Qf5 17.Bg2 Qd3 18.Be4 Bxc3+ 19.Qxc3 Qxc3+ 20.Bxc3 Re8 21.
Bc2 Be6 22.c5 dxc5 23.bxc5 Bc4 24.h4 Ne5 25.h5 Nd3+ 26.Bxd3 Bxd3 27.hxg6 
fxg6 28.Kd2 Be4 29.Rh4 Bf3 30.Rf4 Rd8+ 31.Bd4 Bc6 32.Rg4 Rf8 33.e4 Ra8 34.
Ke3 Ra3+ 35.Kf4 Kf7 36.Rh4 h5 37.Be3 Kf6 38.e5+ Ke6 39.Kg5 Be8 40.Rb4 Ra7 
41.Bd4 Kd5 42.c6 b6 43.Kf6 Kxc6 44.e6 Ra8 45.e7 Kb7 46.Be5 c5 47.Rb1 c4 
48.Rd1 b5 49.Rd8 b4 50.Bd6 b3 51.Rxa8 Kxa8 52.Be5 Kb7 53.Kg7 Kc6 54.Kf8 
Bd7 55.f4 Kd5 56.Kg7 g5 57.f5 Kxe5 58.f6 b2 1/2-1/2

[Event "17th Asian-ch"]
[Site "Xingtai CHN"]
[Date "2019.06.07"]
[Round "1.18"]
[White "Kojima, Shinya"]
[Black "Xu Xiangyu"]
[Result "0-1"]
[WhiteElo "2400"]
[BlackElo "2583"]
[EventDate "2019.06.07"]
[PlyCount "78"]

1.Nf3 g6 2.d4 Bg7 3.c4 c5 4.e4 d6 5.Be2 cxd4 6.Nxd4 Nc6 7.Be3 Nf6 8.Nc3 
Bd7 9.O-O O-O 10.h3 Nxd4 11.Bxd4 Bc6 12.Qc2 a5 13.Rad1 Nd7 14.Bxg7 Kxg7 
15.Rd4 a4 16.Rfd1 Qa5 17.Qc1 Nc5 18.e5 Ne6 19.Rd5 Bxd5 20.Rxd5 Qd8 21.Ne4 
Nc7 22.Rd4 Rc8 23.Bg4 Ne6 24.Bxe6 fxe6 25.Ng5 Qb6 26.Nxe6+ Kg8 27.Qh6 Rf7 
28.exd6 exd6 29.Rf4 Qxb2 30.Rxf7 Kxf7 31.Ng5+ Ke8 32.Nxh7 Kd7 33.Qxg6 Qc1+
34.Kh2 Qf4+ 35.Kg1 Rxc4 36.Nf6+ Kc6 37.Qe8+ Kc5 38.Nd7+ Kb4 39.Qe1+ Ka3 
0-1

[Event "17th Asian-ch"]
[Site "Xingtai CHN"]
[Date "2019.06.07"]
[Round "1.19"]
[White "Lalith Babu, Musunuri Rohit"]
[Black "Lin Yi"]
[Result "1/2-1/2"]
[WhiteElo "2571"]
[BlackElo "2396"]
[EventDate "2019.06.07"]
[PlyCount "59"]

1.Nf3 Nf6 2.c4 g6 3.Nc3 d5 4.cxd5 Nxd5 5.Qb3 Nb6 6.d4 Bg7 7.Bf4 Be6 8.Qa3 
Nc6 9.e3 O-O 10.Bb5 a5 11.Bxc6 bxc6 12.Qc5 Nd5 13.Be5 Nxc3 14.Qxc3 Bd5 15.
Bxg7 Kxg7 16.Nd2 Bxg2 17.Rg1 Qd5 18.O-O-O Be4 19.Rgf1 Bg2 20.Rg1 Be4 21.
Rdf1 Bf5 22.e4 Bxe4 23.Re1 Bf5 24.Re5 Qd7 25.Nb3 e6 26.d5 Kg8 27.Nc5 Qe7 
28.dxc6 Rfd8 29.Nd7 Qb4 30.Rc5 1/2-1/2

[Event "17th Asian-ch"]
[Site "Xingtai CHN"]
[Date "2019.06.07"]
[Round "1.20"]
[White "Rahul Srivatshav, P."]
[Black "Zeng Chongsheng"]
[Result "1-0"]
[WhiteElo "2395"]
[BlackElo "2561"]
[EventDate "2019.06.07"]
[PlyCount "82"]

1.c4 Nf6 2.Nf3 g6 3.Nc3 d5 4.cxd5 Nxd5 5.h4 Nxc3 6.bxc3 h6 7.h5 g5 8.d4 
Bg7 9.e3 c5 10.Rb1 Qc7 11.Bd3 Nd7 12.Qa4 O-O 13.Ba3 b6 14.Be4 Bb7 15.Bxb7 
Qxb7 16.dxc5 Rfc8 17.c6 Rxc6 18.Bxe7 Re8 19.Ba3 Rxc3 20.Bb2 Re4 21.Qd1 Rc6
22.Bxg7 Kxg7 23.O-O Rf6 24.a3 Rg4 25.Rb4 Rxg2+ 26.Kxg2 Ne5 27.e4 Nxf3 28.
Qd5 Nh4+ 29.Kg1 Nf3+ 30.Kg2 Qc7 31.e5 Nxe5 32.f3 Qc3 33.Rb3 Qc7 34.Re3 
Qc2+ 35.Rf2 Ng4 36.Ree2 Rf4 37.fxg4 Rxg4+ 38.Kh3 Rh4+ 39.Kg3 Qc7+ 40.Qe5+ 
Qxe5+ 41.Rxe5 Rxh5 1-0

[Event "17th Asian-ch"]
[Site "Xingtai CHN"]
[Date "2019.06.07"]
[Round "1.21"]
[White "Sengupta, Deep"]
[Black "Amartuvshin, Ganzorig"]
[Result "1/2-1/2"]
[WhiteElo "2559"]
[BlackElo "2394"]
[EventDate "2019.06.07"]
[PlyCount "65"]

1.e4 c5 2.Nf3 e6 3.Nc3 Nc6 4.Bb5 Nge7 5.O-O a6 6.Bxc6 Nxc6 7.d4 cxd4 8.
Nxd4 Qc7 9.Nxc6 bxc6 10.Re1 Bd6 11.Qh5 Be5 12.f4 Bd4+ 13.Kh1 O-O 14.Ne2 g6
15.Qf3 Bg7 16.f5 exf5 17.exf5 Qa5 18.c3 Qxf5 19.Qxf5 gxf5 20.Nd4 Bxd4 21.
cxd4 Bb7 22.Re3 f6 23.Rb3 Rab8 24.Bf4 d6 25.Bxd6 Rbd8 26.Bc5 Rd7 27.Re1 a5
28.Rf3 Ba6 29.b3 Kf7 30.Rxf5 a4 31.Rf3 axb3 32.axb3 Bb5 33.h3 1/2-1/2

[Event "17th Asian-ch"]
[Site "Xingtai CHN"]
[Date "2019.06.07"]
[Round "1.22"]
[White "Wang Shixu"]
[Black "Aryan Chopra"]
[Result "0-1"]
[WhiteElo "2392"]
[BlackElo "2553"]
[EventDate "2019.06.07"]
[PlyCount "78"]

1.d4 Nf6 2.c4 g6 3.Nc3 Bg7 4.e4 d6 5.Nge2 O-O 6.Ng3 e5 7.d5 a5 8.Bd3 Na6 
9.f3 Bd7 10.Be3 h5 11.Qd2 a4 12.O-O Nh7 13.Nge2 a3 14.bxa3 f5 15.f4 g5 16.
fxe5 f4 17.e6 fxe3 18.Qxe3 Nc5 19.exd7 Qxd7 20.e5 Bxe5 21.Bxh7+ Qxh7 22.
Qxg5+ Kh8 23.Qe3 Rg8 24.Qh3 Rg4 25.Rf3 Ne4 26.Nxe4 Bxa1 27.N4g3 Rag8 28.
Rf5 R4g5 29.Rxg5 Rxg5 30.Qe6 Be5 31.Qc8+ Qg8 32.Qd7 h4 33.Qh3 Qh7 34.Nf1 
Qe4 35.Ne3 Rg7 36.Nf5 Qxe2 37.Qxh4+ Kg8 38.Nh6+ Kh7 39.Ng4+ Kg6 0-1

[Event "17th Asian-ch"]
[Site "Xingtai CHN"]
[Date "2019.06.07"]
[Round "1.23"]
[White "Xu Yinglun"]
[Black "Zhao Chenxi"]
[Result "1-0"]
[WhiteElo "2548"]
[BlackElo "2383"]
[EventDate "2019.06.07"]
[PlyCount "100"]

1.d4 e6 2.Nf3 b6 3.g3 Bb7 4.Bg2 f5 5.O-O Nf6 6.c4 Be7 7.d5 Qc8 8.Nc3 O-O 
9.a3 c6 10.d6 Bd8 11.b4 a5 12.Rb1 axb4 13.axb4 Na6 14.Ne5 c5 15.Bxb7 Qxb7 
16.bxc5 Nxc5 17.Be3 Qc8 18.f3 Nb7 19.Na4 Nxd6 20.Qxd6 Rxa4 21.Bxb6 Bxb6+ 
22.Rxb6 Ra5 23.Rd1 Ra7 24.c5 Qc7 25.Qxc7 Rxc7 26.Rdd6 Re8 27.c6 dxc6 28.
Nxc6 Rd7 29.Ne5 Rxd6 30.Rxd6 Kf8 31.Kf2 Ke7 32.Ra6 Kf8 33.h4 Nd5 34.g4 
fxg4 35.fxg4 Kg8 36.e3 Nc3 37.Rc6 Ne4+ 38.Kf3 Nd2+ 39.Ke2 Ne4 40.Rb6 Nc3+ 
41.Kd3 Nd5 42.Rd6 Nf6 43.e4 h6 44.g5 hxg5 45.hxg5 Nh7 46.g6 Nf8 47.Ke3 Rb8
48.Ra6 Rc8 49.Kd4 Kh8 50.Ra4 Kg8 1-0

[Event "17th Asian-ch"]
[Site "Xingtai CHN"]
[Date "2019.06.07"]
[Round "1.24"]
[White "Chu Wei Chao"]
[Black "Praggnanandhaa, Rameshbabu"]
[Result "0-1"]
[WhiteElo "2374"]
[BlackElo "2537"]
[EventDate "2019.06.07"]
[PlyCount "80"]

1.d4 Nf6 2.c4 e6 3.g3 d5 4.Bg2 dxc4 5.Nf3 a6 6.O-O Nc6 7.a4 Rb8 8.Nc3 Be7 
9.e4 O-O 10.Be3 b5 11.axb5 axb5 12.d5 b4 13.dxc6 bxc3 14.bxc3 Qxd1 15.
Rfxd1 Nxe4 16.Bd4 f6 17.Bf1 e5 18.Bxc4+ Kh8 19.Re1 Nd6 20.Bd5 exd4 21.Rxe7
dxc3 22.Rc1 Rb5 23.Ba2 Rb2 24.Bd5 c2 25.Kg2 Bf5 26.Nd4 Bg6 27.Rxc7 Rb1 28.
Nb3 Bf5 29.Re7 h5 30.Ree1 Nb5 31.Bc4 Na3 32.Nd4 Be4+ 33.f3 Bxc6 34.Nxc6 
Rxc1 35.Rxc1 Nxc4 36.Kf2 Na3 37.Nd4 Re8 38.Ra1 Kh7 39.Nb3 Rb8 40.Nc1 Rb1 
0-1

[Event "17th Asian-ch"]
[Site "Xingtai CHN"]
[Date "2019.06.07"]
[Round "1.25"]
[White "Li Di"]
[Black "Peng Hongchi"]
[Result "1-0"]
[WhiteElo "2535"]
[BlackElo "2370"]
[EventDate "2019.06.07"]
[PlyCount "102"]

1.e4 c5 2.Nf3 d6 3.Bb5+ Nd7 4.d4 cxd4 5.Qxd4 a6 6.Bxd7+ Bxd7 7.Nc3 Nf6 8.
Bg5 e5 9.Qd3 h6 10.Bxf6 Qxf6 11.Nd2 Bc6 12.Nc4 Be7 13.Nb6 Rd8 14.Ncd5 Qg6 
15.O-O Bg5 16.Nc7+ Kf8 17.Rfe1 Kg8 18.b4 Rf8 19.Ncd5 Kh7 20.a4 f5 21.exf5 
Qxf5 22.Qxf5+ Rxf5 23.Rad1 Bd8 24.a5 Bxb6 25.Nxb6 Rf4 26.c3 Rhf8 27.Rd2 
R8f6 28.Re3 Rg4 29.g3 e4 30.Nd5 Rf7 31.h4 Rf3 32.Rxf3 exf3 33.Ne3 Rg6 34.
g4 Be4 35.c4 h5 36.g5 Re6 37.Kh2 Kg6 38.Kg3 Kf7 39.Rd4 g6 40.b5 axb5 41.
cxb5 d5 42.Nxd5 Rd6 43.Rxe4 Rxd5 44.Rb4 Ke6 45.a6 bxa6 46.bxa6 Ra5 47.Rb6+
Kf5 48.Rf6+ Ke4 49.Rxg6 Ra1 50.Re6+ Kf5 51.Rf6+ Ke4 1-0

[Event "17th Asian-ch"]
[Site "Xingtai CHN"]
[Date "2019.06.07"]
[Round "1.26"]
[White "Xu Minghui"]
[Black "Wan Yunguo"]
[Result "1/2-1/2"]
[WhiteElo "2368"]
[BlackElo "2531"]
[EventDate "2019.06.07"]
[PlyCount "59"]

1.d4 Nf6 2.c4 g6 3.Nc3 Bg7 4.e4 d6 5.Be2 O-O 6.Bg5 Na6 7.Qd2 e5 8.d5 c6 9.
Bf3 cxd5 10.Nxd5 Nc5 11.Ne2 Bd7 12.Nxf6+ Bxf6 13.Bh6 Re8 14.Qxd6 Be7 15.
Qd2 Be6 16.b3 Nd3+ 17.Kf1 Bb4 18.Qg5 Bc5 19.Qxd8 Rexd8 20.Be3 Bxe3 21.fxe3
b5 22.cxb5 Rac8 23.g4 Nb4 24.Kg2 Rd2 25.Rhd1 Rxd1 26.Rxd1 Nxa2 27.Rd6 Rc2 
28.Kg3 Bxb3 29.b6 axb6 30.Rxb6 1/2-1/2

[Event "17th Asian-ch"]
[Site "Xingtai CHN"]
[Date "2019.06.07"]
[Round "1.28"]
[White "Sankalp, Gupta"]
[Black "Tran Tuan Minh"]
[Result "0-1"]
[WhiteElo "2359"]
[BlackElo "2526"]
[EventDate "2019.06.07"]
[PlyCount "68"]

1.e4 c5 2.Nf3 d6 3.d4 cxd4 4.Nxd4 Nf6 5.Nc3 a6 6.Bd3 Nbd7 7.f4 e5 8.Nf5 g6
9.Ng3 h5 10.h3 Qb6 11.Rf1 Be7 12.Qf3 exf4 13.Qxf4 Ne5 14.Nge2 Be6 15.Qe3 
Qc5 16.Nf4 Rc8 17.Nxe6 fxe6 18.Bd2 Nc4 19.Qg3 Nxd2 20.Kxd2 h4 21.Qf4 Nh5 
22.Qg4 Bg5+ 23.Kd1 Qe5 24.Rb1 Ke7 25.Rf5 gxf5 26.Qxg5+ Qf6 27.Qxf6+ Kxf6 
28.exf5 Rhg8 29.Be4 Ng3 30.Bxb7 Rb8 31.Bxa6 Nxf5 32.Bf1 Ne3+ 33.Ke2 Nxc2 
34.Kd3 Nb4+ 0-1

[Event "17th Asian-ch"]
[Site "Xingtai CHN"]
[Date "2019.06.07"]
[Round "1.29"]
[White "Xu Yi"]
[Black "Quizon, Daniel"]
[Result "1-0"]
[WhiteElo "2526"]
[BlackElo "2351"]
[EventDate "2019.06.07"]
[PlyCount "75"]

1.e4 c5 2.Nf3 e6 3.d4 cxd4 4.Nxd4 a6 5.c4 Nf6 6.Nc3 Qc7 7.a3 b6 8.Be3 Bb7 
9.f3 d6 10.Be2 Be7 11.Rc1 Nbd7 12.O-O O-O 13.b4 h5 14.Qe1 Rfe8 15.Qf2 Rac8
16.Rfd1 Qb8 17.Kh1 Bd8 18.Qg1 Bc7 19.Bf2 Ne5 20.Na4 d5 21.exd5 exd5 22.c5 
b5 23.Nc3 Nc4 24.a4 Bf4 25.Ra1 bxa4 26.Nxa4 Bc6 27.Nb6 Nxb6 28.cxb6 Qxb6 
29.Bxa6 Ra8 30.Ne6 Qb8 31.Nxf4 Qxf4 32.b5 Bd7 33.b6 Be6 34.b7 Rad8 35.Bg3 
Qg5 36.Rab1 Nd7 37.Bb5 Nb8 38.Bxb8 1-0

[Event "17th Asian-ch"]
[Site "Xingtai CHN"]
[Date "2019.06.07"]
[Round "1.30"]
[White "Huang Renjie"]
[Black "Chanda, Sandipan"]
[Result "1/2-1/2"]
[WhiteElo "2327"]
[BlackElo "2511"]
[EventDate "2019.06.07"]
[PlyCount "59"]

1.e4 c5 2.Nf3 d6 3.d4 cxd4 4.Nxd4 Nf6 5.Nc3 a6 6.Be3 e6 7.f3 b5 8.Qd2 b4 
9.Na4 Nbd7 10.Qxb4 d5 11.Qd2 dxe4 12.O-O-O Qc7 13.Qc3 Qxc3 14.Nxc3 exf3 
15.Nxf3 Bb7 16.Be2 Bb4 17.Bd4 Bd6 18.Kb1 Bc7 19.Rhe1 O-O 20.g4 Rfd8 21.g5 
Nd5 22.Nxd5 Bxd5 23.c4 Be4+ 24.Ka1 Bf4 25.Rf1 Bc2 26.Rde1 Bg6 27.Nh4 Bxg5 
28.Nxg6 hxg6 29.c5 Bf6 30.Bxf6 1/2-1/2

[Event "17th Asian-ch"]
[Site "Xingtai CHN"]
[Date "2019.06.07"]
[Round "1.31"]
[White "Vishnu Prasanna, Vasanthan"]
[Black "Song Yuxin"]
[Result "1-0"]
[WhiteElo "2511"]
[BlackElo "2308"]
[EventDate "2019.06.07"]
[PlyCount "82"]

1.c4 e6 2.Nc3 d5 3.d4 Nf6 4.Nf3 Nbd7 5.e3 a6 6.a3 dxc4 7.Bxc4 b5 8.Ba2 Bb7
9.O-O Nb6 10.Qe2 c5 11.Rd1 Qb8 12.e4 cxd4 13.Nxd4 Bd6 14.Nf3 Nbd7 15.Rxd6 
Qxd6 16.e5 Qe7 17.Bg5 h6 18.exf6 Nxf6 19.Bh4 O-O 20.Ne5 g5 21.Bg3 Kg7 22.
Re1 Rad8 23.Ng4 Nxg4 24.Qxg4 Qc5 25.Bb1 f5 26.Qh5 Qc6 27.f3 Rd2 28.Kh1 Qd7
29.h4 Qf7 30.Be5+ Kh7 31.Qxf7+ Rxf7 32.Ba2 Bc8 33.Ne2 Kg6 34.Bc3 Rd6 35.
Nd4 gxh4 36.Nxe6 Bxe6 37.Bxe6 Rc7 38.Kh2 Kg5 39.Kh3 Rcc6 40.Bf7 Rd8 41.Be5
Rd3 1-0

[Event "17th Asian-ch"]
[Site "Xingtai CHN"]
[Date "2019.06.07"]
[Round "1.32"]
[White "Chan Kim Yew"]
[Black "Liu Yan"]
[Result "0-1"]
[WhiteElo "2293"]
[BlackElo "2504"]
[EventDate "2019.06.07"]
[PlyCount "72"]

1.Nf3 Nf6 2.g3 b6 3.Bg2 Bb7 4.O-O g6 5.b3 Bg7 6.Bb2 O-O 7.c4 e6 8.Nc3 d6 
9.d4 Ne4 10.Qd3 Nxc3 11.Bxc3 Nd7 12.Nd2 Bxg2 13.Kxg2 f5 14.e4 f4 15.Rae1 
Qe7 16.f3 e5 17.d5 h5 18.Kf2 fxg3+ 19.hxg3 h4 20.Rg1 Nf6 21.Nf1 Nh5 22.Bd2
hxg3+ 23.Nxg3 Qh4 24.Qe3 Rf4 25.Rg2 Raf8 26.Rh1 Qf6 27.Nf5 gxf5 28.Rxh5 
fxe4 29.Rh3 Rxf3+ 30.Rxf3 Qh4+ 31.Kg1 exf3 32.Rf2 e4 33.Rh2 Qxh2+ 34.Kxh2 
f2 35.Qxe4 f1=Q 36.Qe6+ Kh8 0-1

[Event "17th Asian-ch"]
[Site "Xingtai CHN"]
[Date "2019.06.07"]
[Round "1.34"]
[White "Hasan Parag, Mehdi"]
[Black "Karthik, Venkataraman"]
[Result "1/2-1/2"]
[WhiteElo "2204"]
[BlackElo "2499"]
[EventDate "2019.06.07"]
[PlyCount "77"]

1.e4 c5 2.Nf3 d6 3.d4 cxd4 4.Nxd4 Nf6 5.Nc3 a6 6.Be3 e6 7.f3 h5 8.Qd2 Nbd7
9.O-O-O b5 10.g3 Bb7 11.Rg1 Rc8 12.h3 b4 13.Na4 Qa5 14.b3 Nc5 15.a3 d5 16.
Nxc5 Qxa3+ 17.Kb1 Bxc5 18.e5 Nd7 19.f4 Be7 20.Qf2 Nc5 21.Bd3 Nxd3 22.Rxd3 
Rc3 23.Qe2 Bc8 24.g4 hxg4 25.hxg4 Rxd3 26.Qxd3 Rh3 27.Qe2 Qa5 28.Nc6 Qc7 
29.Nxe7 Qxe7 30.g5 Bd7 31.Bd4 Bb5 32.Qg2 Rh8 33.g6 fxg6 34.Qxg6+ Qf7 35.
Qxg7 Rh5 36.Bc5 Qxg7 37.Rxg7 Rh8 38.Re7+ Kd8 39.Rxe6 1/2-1/2

[Event "17th Asian-ch"]
[Site "Xingtai CHN"]
[Date "2019.06.07"]
[Round "1.35"]
[White "Ma Zhonghan"]
[Black "Winkelman, Albert"]
[Result "1/2-1/2"]
[WhiteElo "2488"]
[BlackElo "2176"]
[EventDate "2019.06.07"]
[PlyCount "68"]

1.c4 Nf6 2.Nc3 e6 3.e4 d5 4.e5 d4 5.exf6 dxc3 6.bxc3 Qxf6 7.Nf3 c5 8.Bd3 
Nc6 9.O-O Bd6 10.Be4 O-O 11.d4 h6 12.Be3 Rd8 13.Rb1 e5 14.dxc5 Bxc5 15.Qe2
Bxe3 16.Qxe3 Bf5 17.Rxb7 Na5 18.Rb4 Rac8 19.Bd5 Be6 20.Bxe6 Qxe6 21.Qxe5 
Qxe5 22.Nxe5 f6 23.Ra4 fxe5 24.Rxa5 Rxc4 25.Rxa7 Rxc3 26.Rb1 Rf8 27.h4 Rf4
28.Rb8+ Kh7 29.Rbb7 Rg4 30.g3 e4 31.Ra5 Rc2 32.Rb4 h5 33.a3 e3 34.Rxg4 
hxg4 1/2-1/2

[Event "17th Asian-ch"]
[Site "Xingtai CHN"]
[Date "2019.06.07"]
[Round "1.36"]
[White "Bai, Adelard"]
[Black "Sadhwani, Raunak"]
[Result "0-1"]
[WhiteElo "2074"]
[BlackElo "2482"]
[EventDate "2019.06.07"]
[PlyCount "94"]

1.d4 Nf6 2.c4 g6 3.f3 c5 4.d5 Bg7 5.e4 d6 6.Nc3 O-O 7.Bg5 h6 8.Be3 e6 9.
Qd2 exd5 10.cxd5 Re8 11.Nge2 h5 12.Nf4 a6 13.a4 Nbd7 14.Nd3 Nh7 15.Be2 f5 
16.exf5 gxf5 17.Nf4 Ndf8 18.Nd1 Bd7 19.O-O h4 20.Kh1 Qe7 21.Re1 Qf7 22.Bf2
Bf6 23.Nh3 Ng6 24.Nc3 Kh8 25.Bd3 Rg8 26.Qc2 Be5 27.Ne2 Qg7 28.Rg1 Raf8 29.
f4 Bf6 30.Rab1 Ne7 31.Nc3 Rb8 32.a5 b5 33.axb6 Rxb6 34.Na4 Rb4 35.b3 Nxd5 
36.Bxf5 Nxf4 37.Nxf4 Rxf4 38.Bxd7 Qxd7 39.Rbd1 Qc6 40.h3 Be5 41.Qe2 Nf6 
42.Nxc5 dxc5 43.Qxe5 Rxf2 44.Qe3 Ne4 45.Rd5 Ng3+ 46.Kh2 Nf1+ 47.Rxf1 
Rgxg2+ 0-1

[Event "17th Asian-ch"]
[Site "Xingtai CHN"]
[Date "2019.06.07"]
[Round "1.37"]
[White "Krishna, C. R. G."]
[Black "Chaulagain, Purushottam"]
[Result "1-0"]
[WhiteElo "2481"]
[BlackElo "2020"]
[EventDate "2019.06.07"]
[PlyCount "65"]

1.Nf3 c5 2.g3 Nc6 3.Bg2 g6 4.d4 cxd4 5.Nxd4 Bg7 6.Nb3 Nf6 7.c4 O-O 8.Nc3 
d6 9.Bf4 Be6 10.c5 d5 11.O-O Qd7 12.Qd2 Rad8 13.Rad1 Bh3 14.Bh6 Bxg2 15.
Kxg2 d4 16.Bxg7 Kxg7 17.Nb5 Qd5+ 18.f3 Qh5 19.e4 a6 20.Na3 h6 21.Nc4 e5 
22.Nc1 Qg5 23.Nd3 Rfe8 24.b4 Nh5 25.Qxg5 hxg5 26.a4 f6 27.b5 Ne7 28.Rb1 
Rd7 29.bxa6 bxa6 30.Rb6 Rc8 31.Rxa6 Nc6 32.Rb1 Nb8 33.Ra8 1-0

[Event "17th Asian-ch"]
[Site "Xingtai CHN"]
[Date "2019.06.08"]
[Round "2.3"]
[White "Tran Tuan Minh"]
[Black "Maghsoodloo, Parham"]
[Result "1-0"]
[WhiteElo "2526"]
[BlackElo "2665"]
[EventDate "2019.06.07"]
[PlyCount "91"]

1.d4 d5 2.c4 e6 3.Nc3 a6 4.cxd5 exd5 5.Bf4 Nf6 6.e3 Bd6 7.Bg3 O-O 8.Bd3 
Re8 9.Nf3 Bg4 10.Qb3 Nc6 11.O-O Bxg3 12.hxg3 Rb8 13.Rac1 Ne7 14.Qc2 g6 15.
b4 Bf5 16.a4 h5 17.Ne5 c6 18.b5 axb5 19.axb5 Ng4 20.Rfd1 Rc8 21.bxc6 bxc6 
22.Ne2 Qd6 23.Qc5 Qf6 24.Nf4 Nxe5 25.dxe5 Qxe5 26.e4 Bg4 27.Re1 Qg5 28.Ba6
Rcd8 29.exd5 cxd5 30.Qd4 Rd6 31.Qa7 Bd7 32.Rc7 Rd8 33.Bb5 Nc8 34.Qc5 Bxb5 
35.Qxb5 Kf8 36.Re3 Qf5 37.Rf3 Ne7 38.Qb7 Re8 39.Rxe7 Rxe7 40.Qb8+ Kg7 41.
Qxd6 Re1+ 42.Kh2 Qb1 43.Nxh5+ Kh6 44.Qf4+ g5 45.Qf6+ Kxh5 46.g4+ 1-0

[Event "17th Asian-ch"]
[Site "Xingtai CHN"]
[Date "2019.06.08"]
[Round "2.5"]
[White "Liu Yan"]
[Black "Zhumabaev, Rinat"]
[Result "1-0"]
[WhiteElo "2504"]
[BlackElo "2625"]
[EventDate "2019.06.07"]
[PlyCount "71"]

1.d4 g6 2.Nf3 Bg7 3.g3 c5 4.Bg2 cxd4 5.Nxd4 Nc6 6.c3 Nf6 7.e4 O-O 8.O-O d6
9.h3 e5 10.Nc2 Be6 11.Ne3 Qd7 12.Kh2 b5 13.Na3 Rab8 14.b3 b4 15.Nac4 bxc3 
16.Ba3 Nb4 17.Bxb4 Rxb4 18.Qd3 Bh6 19.Qxc3 Rfb8 20.Rad1 Bxe3 21.Nxe5 Qb5 
22.Nd3 Bg5 23.f4 Rxe4 24.Bxe4 Nxe4 25.Qd4 Nxg3 26.Kxg3 Be7 27.Nf2 Qh5 28.
Kg2 a5 29.Qe3 Rb4 30.Qf3 Qh4 31.Ng4 a4 32.Rd3 axb3 33.axb3 Bc8 34.Qa8 Kg7 
35.Qxc8 h5 36.Qc3+ 1-0

[Event "17th Asian-ch"]
[Site "Xingtai CHN"]
[Date "2019.06.08"]
[Round "2.6"]
[White "Sadhwani, Raunak"]
[Black "Sethuraman, Panayapan"]
[Result "0-1"]
[WhiteElo "2482"]
[BlackElo "2613"]
[EventDate "2019.06.07"]
[PlyCount "72"]

1.Nf3 c5 2.e4 d6 3.d4 cxd4 4.Nxd4 Nf6 5.Nc3 a6 6.Bd3 e5 7.Nde2 Be7 8.O-O 
O-O 9.Ng3 Be6 10.Nd5 Bxd5 11.exd5 g6 12.c4 Nbd7 13.Be3 Ne8 14.f3 Bg5 15.
Bf2 f5 16.Ne2 Nef6 17.Nc3 Qc7 18.Kh1 Rae8 19.Qc2 Nc5 20.Be2 e4 21.Bd4 exf3
22.Bxf3 Be3 23.Ne2 a5 24.a3 a4 25.Bxc5 Qxc5 26.Qxa4 g5 27.Ng3 Qc8 28.Qc2 
Re5 29.Rfe1 g4 30.Nf1 f4 31.Nxe3 fxe3 32.Be2 Ne4 33.Bd3 Rf2 34.Re2 Qf8 35.
Rxf2 Nxf2+ 36.Kg1 Nxd3 0-1

[Event "17th Asian-ch"]
[Site "Xingtai CHN"]
[Date "2019.06.08"]
[Round "2.7"]
[White "Gupta, Abhijeet"]
[Black "Xu Yi"]
[Result "1/2-1/2"]
[WhiteElo "2606"]
[BlackElo "2526"]
[EventDate "2019.06.07"]
[PlyCount "46"]

1.d4 Nf6 2.c4 e6 3.Nf3 d5 4.Nc3 Bb4 5.Bg5 h6 6.Bxf6 Qxf6 7.e3 O-O 8.Qb3 c5
9.cxd5 exd5 10.dxc5 Bxc3+ 11.Qxc3 Qxc3+ 12.bxc3 Be6 13.Nd4 Rc8 14.f4 Rxc5 
15.Kd2 Rc7 16.f5 Bd7 17.g4 Nc6 18.Bg2 Ne5 19.Bxd5 Nxg4 20.Rhg1 Nf6 21.c4 
Rd8 22.Rg2 Bc6 23.Bxc6 Rxc6 1/2-1/2

[Event "17th Asian-ch"]
[Site "Xingtai CHN"]
[Date "2019.06.08"]
[Round "2.8"]
[White "Zou Chen"]
[Black "Nihal, Sarin"]
[Result "1/2-1/2"]
[WhiteElo "2415"]
[BlackElo "2606"]
[EventDate "2019.06.07"]
[PlyCount "95"]

1.d4 Nf6 2.c4 c5 3.d5 g6 4.Nc3 Bg7 5.e4 O-O 6.Nf3 e6 7.Bd3 exd5 8.cxd5 d6 
9.h3 b5 10.Nxb5 Nxe4 11.O-O Re8 12.Re1 a6 13.Na3 Nf6 14.Rxe8+ Nxe8 15.Bg5 
Qc7 16.Qa4 Nd7 17.Re1 Nef6 18.Qc6 Qb8 19.Nc4 Bb7 20.Qxd6 Bxd5 21.Qxb8+ 
Rxb8 22.Nfd2 Nf8 23.Bf4 Rd8 24.Bf1 Ne6 25.Be5 Ne8 26.Bxg7 Kxg7 27.Nb1 N8c7
28.Nc3 Ba8 29.Rd1 Rxd1 30.Nxd1 f5 31.f3 Kf6 32.Kf2 g5 33.Nde3 h5 34.Bd3 f4
35.Nf1 Bd5 36.Nfd2 Ke7 37.Be4 Bxc4 38.Nxc4 Nd4 39.Bd3 Ke6 40.Ke1 Nd5 41.
Nd2 Ne3 42.Bxa6 Nxg2+ 43.Kf2 Ne3 44.Ne4 Nd1+ 45.Kg2 Ne3+ 46.Kf2 Nd1+ 47.
Kg2 Ne3+ 48.Kf2 1/2-1/2

[Event "17th Asian-ch"]
[Site "Xingtai CHN"]
[Date "2019.06.08"]
[Round "2.9"]
[White "Narayanan, Sunilduth Lyna"]
[Black "Vishnu Prasanna, Vasanthan"]
[Result "0-1"]
[WhiteElo "2603"]
[BlackElo "2511"]
[EventDate "2019.06.07"]
[PlyCount "80"]

1.d4 Nf6 2.c4 g6 3.Nc3 Bg7 4.e4 d6 5.Nf3 O-O 6.Be2 e5 7.O-O exd4 8.Nxd4 
Re8 9.f3 c6 10.Kh1 Nbd7 11.Nc2 Qe7 12.Bg5 Nc5 13.Qd2 Ne6 14.Be3 Rd8 15.
Rad1 b6 16.Qe1 Bb7 17.Qf2 Rac8 18.Rd2 d5 19.e5 Nd7 20.cxd5 cxd5 21.f4 f6 
22.Bf3 fxe5 23.Nxd5 Bxd5 24.Bxd5 Nf6 25.Bb3 Kh8 26.Rxd8+ Rxd8 27.Qe2 Ne4 
28.fxe5 Bxe5 29.Qg4 N6c5 30.Nb4 Rf8 31.Rxf8+ Qxf8 32.Kg1 Nf6 33.Qc4 Nxb3 
34.axb3 b5 35.Qh4 Qd6 36.Kf2 Qd1 37.h3 g5 38.Bxg5 Bd4+ 39.Kg3 Qe1+ 40.Kf3 
Qf1+ 0-1

[Event "17th Asian-ch"]
[Site "Xingtai CHN"]
[Date "2019.06.08"]
[Round "2.10"]
[White "Karthikeyan, Murali"]
[Black "Xu Zhihang"]
[Result "1-0"]
[WhiteElo "2593"]
[BlackElo "2504"]
[EventDate "2019.06.07"]
[PlyCount "51"]

1.e4 e5 2.Nf3 Nc6 3.Bb5 a6 4.Ba4 Nf6 5.d3 b5 6.Bb3 Bc5 7.Nc3 d6 8.Nd5 h6 
9.c3 O-O 10.Nxf6+ Qxf6 11.Bd5 Bd7 12.Rg1 Rae8 13.g4 Qd8 14.g5 g6 15.gxh6 
Kh8 16.Qe2 a5 17.Bg5 f6 18.Bd2 Ne7 19.Nh4 Kh7 20.O-O-O c6 21.Nxg6 cxd5 22.
Qh5 Be6 23.Nxe7 Rxe7 24.Rg7+ Kh8 25.Qg6 Bg8 26.Rg1 1-0

[Event "17th Asian-ch"]
[Site "Xingtai CHN"]
[Date "2019.06.08"]
[Round "2.13"]
[White "Le Quang Liem"]
[Black "Vignesh, N. R."]
[Result "1-0"]
[WhiteElo "2694"]
[BlackElo "2459"]
[EventDate "2019.06.07"]
[PlyCount "131"]

1.e4 c5 2.Nc3 d6 3.d4 cxd4 4.Qxd4 e5 5.Bb5+ Nc6 6.Qd3 Nf6 7.Nge2 Be7 8.Bg5
h6 9.Bxf6 Bxf6 10.Rd1 Be7 11.Nd5 a6 12.Bc4 Na5 13.a3 Nxc4 14.Qxc4 Be6 15.
Nc7+ Kd7 16.Nxe6 fxe6 17.Qb3 Qa5+ 18.c3 Qb5 19.Qc2 g5 20.O-O Rac8 21.Rd3 
Qb6 22.c4 Rc6 23.b3 h5 24.a4 Qb4 25.Nc3 Rf8 26.Qd1 g4 27.h3 gxh3 28.Rxh3 
h4 29.Na2 Qc5 30.Nc1 b5 31.Nd3 Qd4 32.Nb4 Qxd1 33.Rxd1 Rcc8 34.axb5 axb5 
35.cxb5 Rb8 36.Nc6 Rxb5 37.Nxe7 Kxe7 38.Rxh4 Rxb3 39.Rh7+ Rf7 40.Rxf7+ 
Kxf7 41.Rxd6 Rb4 42.f3 Rb2 43.Kh2 Ra2 44.Rd8 Rb2 45.Rh8 Kg6 46.Kh3 Rf2 47.
Rh4 Kg5 48.Rg4+ Kf6 49.Kh4 Rf1 50.Kh5 Rh1+ 51.Rh4 Rg1 52.g4 Rg3 53.Kh6 Rg1
54.Rh5 Rg3 55.g5+ Kf7 56.Rh1 Rg2 57.Rh4 Rg3 58.f4 exf4 59.Rxf4+ Ke7 60.g6 
e5 61.Rf5 Ke6 62.g7 Rh3+ 63.Kg6 Rg3+ 64.Rg5 Rxg5+ 65.Kxg5 Kf7 66.Kf5 1-0